| 000 | 00704cam a22002413a 4500 | ||
|---|---|---|---|
| 001 | 6907 | ||
| 003 | PGUSA | ||
| 005 | 20140828083138.0 | ||
| 008 | 041101s2004||||xxu|||||s|||||000 1 eng d | ||
| 040 |
_aPGUSA _beng |
||
| 042 | _adc | ||
| 050 | 4 | _aPS | |
| 050 | 4 | _aHC | |
| 100 | 1 |
_aPotter, Austin, _d1842-1913 |
|
| 245 | 1 | 0 |
_aFrom Wealth to Poverty; Or, the Tricks of the Traffic. A Story of the Drink Curse _h[electronic resource] / _cAustin Potter |
| 260 |
_bProject Gutenberg, _c2004 |
||
| 506 | _aPublic domain in the USA. | ||
| 516 | _aElectronic text | ||
| 653 | _aTemperance -- Fiction | ||
| 830 | 0 |
_aProject Gutenberg _v6907 |
|
| 856 | 4 | 0 | _uhttp://www.gutenberg.org/ebooks/6907 |
| 942 | _cEB | ||
| 999 |
_c236227 _d236227 |
||